Lessons on the Constitution /
保存先:
| 第一著者: | |
|---|---|
| その他の著者: | |
| フォーマット: | テキスト |
| 出版事項: |
Colorado:
Social Science Education Consortium
|
| タグ: |
タグ追加
タグなし, このレコードへの初めてのタグを付けませんか!
|
MARC
| LEADER | 00000 a a2200000 04500 | ||
|---|---|---|---|
| 001 | 22909 | ||
| 003 | |||
| 040 | |||
| 020 | |a 0-89994-301-2 | ||
| 090 | |a 158200 | ||
| 100 | |a Patrick, John J. | ||
| 245 | |a Lessons on the Constitution / |c John J. Patrick | ||
| 260 | |a Colorado: |b Social Science Education Consortium | ||
| 300 | |a 301 p. | ||
| 700 | |a Remy, Richard C. | ||
| 999 | |c 7418 |d 7418 | ||



